• 首页
  • 本馆介绍
  • 公告通知
  • 最新文献
  • 馆藏检索
  • 电子资源
  • 读者导购
  • 参考咨询
  • 我的图书馆
  • 登录
  • 详细信息显示
  • 放入我的书架
  • 预约/预借图书
  • 作者相关作品
  • 分类相关作品
  • 丛书相关作品
  • 出版社相关作品

书目信息

  • 表格格式
  • 工作单格式
  • 卡片格式
题名:
统计自然语言处理基础
    
 
作者: 曼宁 , 许策 著 ;苑春法 译
分册:  
出版信息: 北京   电子工业出版社  2007
页数: 12,418页
开本: 26cm
丛书名: 国外计算机科学教材系列
单 册:
中图分类: H087 , TP391
科图分类:
主题词: 统计语言学--自然语言处理--教材 , 统计语言学 , 自然语言处理
电子资源:
ISBN: 978-7-5053-9921-1
000 01262oam2 2200349 450
001 002809612
005 20080226104218.79
010    @a978-7-5053-9921-1@dCNY55.00
035    @a002809612
100    @a20050104d2007 em y0chiy0110 ea
101 1  @achi@ceng
102    @aCN@b110000
105    @ay z 000yy
106    @ar
200 1  @a统计自然语言处理基础@Atong ji zi ran yu yan chu li ji chu@f(美)Christopher D.Manning, (德)Hinrich Schutze著@g苑春法等译
210    @a北京@c电子工业出版社@d2007
215    @a12,418页@d26cm
225 2  @a国外计算机科学教材系列
305    @a由MIT Press授权出版
330    @a本书系统介绍了统计自然语言处理技术,分为基础知识、词法、语法、应用与技术四部分,包括了构建自然语言处理软件工具将用到的几乎所有理论和算法。
461  0 @1001012000009526@12001 @a国外计算机科学教材系列
510 1  @aFoundations of Statistical Natural Language Processing@zeng
606 0  @a统计语言学@x自然语言处理@j教材
606 0  @a统计语言学
606 0  @a自然语言处理
690    @aH087@v4
690    @aTP391@v4
701  0 @c(美)@a曼宁@Aman ning@c(Manning, Christopher D.)@4著
701  0 @c(德)@a许策@Axu ce@c(Schutze, Hinrich)@4著
702  0 @a苑春法@Ayuan chun fa@4译
801  0 @aCN@bNLC@c20080226
905    @dH087@e152@f4
    
    统计自然语言处理基础/(美)Christopher D.Manning, (德)Hinrich Schutze著/苑春法等译.-北京:电子工业出版社,2007
    12,418页;26cm.-(国外计算机科学教材系列)
    
    
    ISBN 978-7-5053-9921-1:CNY55.00
    本书系统介绍了统计自然语言处理技术,分为基础知识、词法、语法、应用与技术四部分,包括了构建自然语言处理软件工具将用到的几乎所有理论和算法。
●
相关链接 在E读中查询图书 在五车中查询图书 在当当中查询图书 在豆瓣中查询图书


正题名:统计自然语言处理基础     索取号:H087/152         预约/预借

序号 登录号 条形码 馆藏地/架位号 状态 备注
1 0793094   207930943   第二样本阅览室/ [索取号:H087/152] 在馆    
2 0793095   207930952   第四借阅区/ [索取号:H087/152] 在馆    
3 0793096   207930961   第四借阅区/ [索取号:H087/152] 在馆    
4 0793097   207930970   第四借阅区/ [索取号:H087/152] 在馆    
唐山师范学院图书馆 欢迎您!
大连网信软件有限公司© 版权所有